000 00415nam a22001457a 4500
008 230228b |||||||| |||| 00| 0 eng d
020 _a978-81-8495-674-0
082 _a158.1
100 _aDamrong Pinkoon
245 _aDream Come True:
_bThe Fundamentals for Success in Life Revealed
260 _bJaico Publishing House,
_c2015
300 _a209 p.
_c18cm
942 _2ddc
999 _c9376
_d9377